Retazos: instrumentos prácticos
Zapisane w:
| Główni autorzy: | , |
|---|---|
| Format: | Książka |
| Język: | hiszpański |
| Wydane: |
Santiago
OREALC
1986
|
| Hasła przedmiotowe: | |
| Etykiety: |
Dodaj etykietę
Nie ma etykietki, Dołącz pierwszą etykiete!
|
MARC
| LEADER | 00000nam a2200000 a 4500 | ||
|---|---|---|---|
| 001 | UCW4258 | ||
| 003 | CL-VaPUC | ||
| 005 | 20201029001224.0 | ||
| 008 | 891122e19860000CL |||||||||||||||||spa|d | ||
| 999 | |c 218032 |d 218030 | ||
| 040 | |c Pontificia Universidad Católica de Valparaíso | ||
| 082 | 0 | 4 | |a 371.33042 BEN 1986 |2 21 |
| 100 | 0 | |a Benavides Zamora, Títo |e author |9 308892 | |
| 245 | 1 | 0 | |a Retazos: instrumentos prácticos |
| 260 | |a Santiago |b OREALC |c 1986 | ||
| 300 | |a 75 páginas | ||
| 583 | |a last modification |c 20170828 01:14:32 |k Rodrigo Vera | ||
| 650 | 0 | |a Métodos de enseñanza |9 270413 | |
| 650 | 7 | |a MATERIAL AUDIOVISUAL |2 CL-VaPUC |9 308466 | |
| 700 | 0 | |a Aravena Barrios, José |e author |9 308893 | |
| 942 | |c BK |2 ddc | ||
| 945 | |d 19891122 00:00:00 | ||
| 952 | |0 0 |1 0 |4 0 |6 371_330420000000000_BEN_1986 |7 0 |8 P |9 206851 |a BIBEDU |b BIBEDU |c BIBEDU_PB |d 2019-11-15 |i 2746689 |o 371.33042 BEN 1986 |p 2746689 |r 2024-01-25 |w 2019-11-15 |y BK |k EDU | ||
| 952 | |0 0 |1 0 |4 0 |6 371_330420000000000_BEN_1986 |7 0 |8 P |9 206852 |a BIBEDU |b BIBEDU |c BIBEDU_PB |d 2019-11-15 |i 1601644 |o 371.33042 BEN 1986 |p 1601644 |r 2024-01-25 |w 2019-11-15 |y BK |k EDU | ||